Rozpoznaj znanego aktora po zdjęciu #4 - Statystyki

Ogólne statystyki
  • Ten quiz został rozwiązany 52 razy
  • Średni wynik to 6 z 20
Statystyki odpowiedzi
Obrazkowy Odpowiedź % Poprawnych
Harrison Ford
87%
Jim Carrey
82%
Denzel Washington
68%
Pedro Pascal
68%
Janusz Gajos
61%
Paul Walker
58%
Arkadiusz Jakubik
39%
Dustin Hoffman
39%
Roman Wilhelmi
26%
Hugo Weaving
18%
Evan Peters
16%
David Tennant
13%
Bogumił Kobiela
11%
Freddie Highmore
11%
Tadeusz Łomnicki
11%
Christopher Lloyd
8%
Burt Lancaster
5%
Peter Sellers
5%
Spancer Tracy
5%
Paul Anderson
0%
Nie znaleziono quizów pasujących do podanych kryteriów
Rozkład punktacji
Procent ludzi z każdym wynikiem
Percentyl według liczby udzielonych odpowiedzi
Twoja historia wyników
Nie rozwiązałeś tego quizu